Miasta z wieloma klubami w Ekstraklasie - Statystyki

Ogólne statystyki
  • Ten quiz został rozwiązany 118 razy
  • Średni wynik to 10 z 14
Statystyki odpowiedzi
Ilość Miasto % Poprawnych
4 Warszawa
100%
7 Kraków
98%
3 Poznań
98%
5 Łódź
92%
2 Gdańsk
89%
3 Katowice
87%
2 Szczecin
84%
2 Gdynia
78%
2 Chorzów
69%
2 Bydgoszcz
63%
2 Bytom
59%
4 Lwów
59%
2 Wałbrzych
16%
2 Rybnik
13%
Nie znaleziono quizów pasujących do podanych kryteriów
Rozkład punktacji
Procent ludzi z każdym wynikiem
Percentyl według liczby udzielonych odpowiedzi
Twoja historia wyników
Nie rozwiązałeś tego quizu